000 00512nam a2200169 i 4500
001 36925
003 ES-MaACL
005 20251015063050.0
007 t|
008 030219q1908 xxk ||||1| eng d
100 1 _aBrowning, Robert,
_d1812-1889
_932036
245 1 0 _aDramas and dramatis personae /
_cby Robert Browning.
260 _aLondon :
_bGeorge Routledge & Sons,
_c[1908?] (
_fImp. Billing and sons)
300 _aVI, 600 p. ;
_c16 cm.
852 _aES-MaACL
_jG-14907
999 _c36925
_d36925